000 00868nam2a2200241 4500
001 RU\NLR\bibl\744995
005 20250614004337.0
035 _a(NLR Aleph) 000734841
090 _a785510
_c785510
100 _a20050406d2004 |||y0rusy50 ca
101 0 _arus
102 _aRU
105 _ay |||||||||
200 1 _aПроза
210 _d2004
_aБ. м.
215 _a24 с.
316 _aС автогр. авт.
_5NLR
461 0 _1001RU\NLR\bibl\552100
_12001#$aИз неопубликованного$vВып. 1
_91432337
_aБорисов, С. Б. (д-р культурологии, писатель ; 1963-)
_cШадринск
_d2004
_fСергей Борисов
_nС.Б. Борисов
_tИз неопубликованного
_vВып. 1
801 0 _aRU
_bNLR
_c20050406
_gPSBO
801 1 _aRU
_bNLR
_c20050406
942 _cBOOK
980 _aNB